000 00481nam a22001817a 4500
003 MPLRDC
005 20220104185239.0
008 210129b ||||| |||| 00| 0 eng d
020 _a986-6258-008
082 _a857.6 WDR-13
100 _a吴淡如
245 _a每一次相遇都是奇迹
_cWILLIAM PAN 等摄影
250 _a初版
260 _a台湾
_b大众国际书局股份有限公司
_c2010
300 _b
650 _a短篇小说
942 _cBK
_o857.6 WDR-13
999 _c63240
_d63230